The Beatles - Yellow Submarine (Tracks) - Statistics

General Stats
  • This quiz has been taken 39 times
  • The average score is 8 of 13
Answer Stats
Track Number Track Name % Correct
1 Yellow Submarine
100%
6 All You Need Is Love
92%
4 Hey Bulldog
92%
2 Only a Northern Song
83%
3 All Together Now
79%
5 It's All Too Much
79%
7 Pepperland
67%
9 Sea of Holes
42%
10 Sea of Monsters
38%
8 Sea of Time
38%
11 March of the Meanies
33%
13 Yellow Submarine in Pepperland
29%
12 Pepperland Laid Waste
25%
No matching quizzes found
Score Distribution
Percent of People with Each Score
Percentile by Number Answered
Your Score History
You have not taken this quiz